000 00622nam a2200229Ia 4500
003 OSt
005 20221006145306.0
006 a|||||r|||| 00| 0
007 ta
008 221006b |||||||| |||| 00| 0 eng d
024 _a14,364
037 _cTextual
040 _aEASL
_cEASL
_beng
041 _2eng
_aeng
082 _aNM41.C8971, K5
100 _aSOPER Alexander C
_9654056
245 0 _aEarly,middle,and late Shang
_b A note
260 _aSwitzerland
_bArtibus Asiae
_c1965
300 _a38p.
_ccm.
942 _hNM41.C8971, K5
_cTEXL
_2CC
999 _c1082450
_d1082450